[Event "Managua Hurtado Memorial 16th"]
[Site "Managua"]
[Date "2016.12.27"]
[Round "3"]
[White "Cruz, Leonel"]
[Black "Murillo, Bryan"]
[Result "1-0"]
[WhiteElo "1817"]
[BlackElo "1976"]
[PlyCount "73"]
[EventDate "2016.12.26"]
[EventType "swiss"]
[EventRounds "9"]
[EventCountry "NCA"]
[SourceTitle "CBM 176 Extra"]
[Source "ChessBase"]
[SourceDate "2017.03.02"]
[SourceVersion "1"]
[SourceVersionDate "2017.03.02"]
[SourceQuality "1"]

1. d4 Nf6 2. c4 g6 3. Nc3 Bg7 4. e4 d6 5. Nf3 0-0 6. h3 Nbd7 7. g4 e5 8. d5 Nc5 9. Qe2 a5 10. Bg2 Bd7 11. Nd2 a4 12. Nf1 Ne8 13. Ng3 Ra6 14. Be3 Bf6 15. 0-0 Bh4 16. Rab1 Ng7 17. Rbd1 Qc8 18. Kh2 g5 19. Nf5 Bxf5 20. exf5 Nd7 21. Ne4 h6 22. Kg1 b6 23. Rd3 Ne8 24. Rdd1 Nef6 25. Nd2 Kg7 26. Nf3 Nc5 27. Nxh4 gxh4 28. f4 Re8 29. Qf2 Qd8 30. Qxh4 exf4 31. Bxf4 Ng8 32. g5 hxg5 33. Bxg5 f6 34. Bc1 Qd7 35. Rf4 Kf8 36. Rg4 Re7 37. Qh8 1-0

[Event "NCA-chT"]
[Site "Managua"]
[Date "2015.11.28"]
[Round "7.2"]
[White "Arevalo Lopez, Josue"]
[Black "Cruz, Leonel"]
[Result "1-0"]
[WhiteElo "1753"]
[BlackElo "1835"]
[PlyCount "73"]
[EventDate "2015.11.14"]
[EventType "team-tourn"]
[EventRounds "9"]
[EventCountry "NCA"]
[SourceTitle "EXT 2018"]
[Source "ChessBase"]
[SourceDate "2017.10.13"]
[SourceVersion "1"]
[SourceVersionDate "2017.10.13"]
[SourceQuality "1"]
[WhiteTeam "Bravos Farem Carazo"]
[BlackTeam "Jane Allen's Knights"]
[WhiteTeamCountry "NCA"]
[BlackTeamCountry "NCA"]

1. Nc3 d5 2. d4 Nf6 3. Nf3 c5 4. Bf4 cxd4 5. Nxd4 Nc6 6. e3 a6 7. Be2 e6 8. 0-0 Be7 9. Bf3 0-0 10. Nxc6 bxc6 11. e4 Qa5 12. Bd2 Qc7 13. exd5 exd5 14. Ne2 Bd6 15. Ng3 Be5 16. c3 Bd7 17. Qc2 Rfe8 18. Rfe1 Ng4 19. Qd1 Nf6 20. Qc2 Bd6 21. Bg5 Ng4 22. Rad1 Bc5 23. Rf1 h6 24. Bd2 Re7 25. c4 Rae8 26. cxd5 cxd5 27. Rc1 Rc8 28. Bb4 Bxf2+ 29. Rxf2 Qb8 30. Bc5 Nxf2 31. Qxf2 Ree8 32. Bxd5 Be6 33. Bxe6 Rxe6 34. b4 Rf6 35. Qb2 Re8 36. Bd4 Rg6 37. Nf5 1-0

[Event "NCA-chT"]
[Site "Managua"]
[Date "2015.11.22"]
[Round "5.4"]
[White "Pichardo, Carlos"]
[Black "Cruz, Leonel"]
[Result "0-1"]
[WhiteElo "1797"]
[BlackElo "1835"]
[PlyCount "116"]
[EventDate "2015.11.14"]
[EventType "team-tourn"]
[EventRounds "9"]
[EventCountry "NCA"]
[SourceTitle "EXT 2018"]
[Source "ChessBase"]
[SourceDate "2017.10.13"]
[SourceVersion "1"]
[SourceVersionDate "2017.10.13"]
[SourceQuality "1"]
[WhiteTeam "Jose Raul Capablanca"]
[BlackTeam "Jane Allen's Knights"]
[WhiteTeamCountry "NCA"]
[BlackTeamCountry "NCA"]

1. d4 Nf6 2. c4 e6 3. Nf3 Bb4+ 4. Bd2 Be7 5. Nc3 d5 6. Ne5 b6 7. g3 Bb7 8. Bg2 Nbd7 9. Nxd7 Qxd7 10. 0-0 0-0 11. cxd5 exd5 12. Rc1 c5 13. e3 Rac8 14. Qe2 Rfd8 15. Rfd1 Qf5 16. h3 h5 17. Be1 Bd6 18. Qd3 Ne4 19. Ne2 Bb8 20. f3 Nd6 21. Qxf5 Nxf5 22. Bf2 Re8 23. Nf4 Nxe3 24. Bxe3 Rxe3 25. Nxh5 Rce8 26. dxc5 bxc5 27. Rxc5 a6 28. Rc2 d4 29. Nf4 g5 30. Nh5 R8e6 31. f4 Bxg2 32. Kxg2 Ba7 33. Rc7 Re2+ 34. Kf3 Bb6 35. Rd7 f5 36. Rg7+ Kf8 37. Rd3 R6e3+ 38. Rxe3 Rxe3+ 39. Kg2 d3 40. Rd7 Ba5 41. fxg5 d2 42. Nf4 Re1 43. h4 d1Q 44. Rxd1 Rxd1 45. h5 Bd8 46. h6 Kg8 47. g6 Bg5 48. h7+ Kh8 49. Ne6 Bh6 50. Kf3 Rd3+ 51. Kg2 Rd6 52. Nc5 Rxg6 53. Kf3 Kxh7 54. b4 Rc6 55. a4 a5 56. Nd7 axb4 57. Ne5 Rc3+ 58. Kg2 b3 0-1